[Event "Znojemska rotunda 2003"]
[Site "?"]
[Date "????.??.??"]
[Round "2"]
[White "Komprda, Pavel"]
[Black "Doxansky, Josef"]
[Result "1-0"]
[WhiteElo "2055"]
[BlackElo "1826"]
[PlyCount "95"]

1. e4 c6 2. d4 d5 3. Nc3 dxe4 4. Nxe4 Bf5 5. Ng3 Bg6 6. Nf3 e6 7. h4 h6 8. Ne5
Bh7 9. c3 Nf6 10. Nh5 Nbd7 11. Nxd7 Nxd7 12. Qg4 Bg6 13. Nf4 Nf6 14. Qf3 Bf5
15. Bd3 Bxd3 16. Nxd3 Qd5 17. Qxd5 Nxd5 18. Bd2 Bd6 19. O-O-O O-O-O 20. g4 h5
21. f3 g6 22. c4 Nc7 23. Bg5 Rde8 24. Bf6 Rh7 25. Nf2 Be7 26. Ne4 Kd7 27. Kc2
Rd8 28. Ng5 Bxf6 29. Nxh7 Bg7 30. gxh5 gxh5 31. Rhg1 Bh8 32. Rg5 Ke7 33. Rxh5
f6 34. Rg1 Kf7 35. f4 Rg8 36. Rxg8 Kxg8 37. Nf8 f5 38. Kd3 c5 39. Rxh8+ Kxh8
40. dxc5 Kg7 41. Nd7 Kg6 42. Kd4 Kh5 43. Ke5 Kxh4 44. Kd6 Ne8+ 45. Kxe6 Kg4 46.
Ke5 a5 47. a4 Nc7 48. Nf6+ 1-0

[Event "Znojemska rotunda 2003"]
[Site "?"]
[Date "????.??.??"]
[Round "2"]
[White "Ruzickova, Radka"]
[Black "Adam, Petr sr"]
[Result "1-0"]
[WhiteElo "1839"]
[BlackElo "2086"]
[PlyCount "85"]

1. e4 d6 2. d4 g6 3. f4 Bg7 4. Nf3 Nf6 5. Nc3 O-O 6. Bd3 Nc6 7. h3 e5 8. fxe5
dxe5 9. d5 Nd4 10. Be3 c5 11. Qd2 Nxe4 12. Nxe4 f5 13. Nxc5 Qxd5 14. Bxd4 exd4
15. Nb3 Re8+ 16. Be2 Qe4 17. Nbxd4 Bxd4 18. Nxd4 Qh4+ 19. Kd1 Bd7 20. Bc4+ Kg7
21. Nf3 Qxc4 22. Qxd7+ Kh6 23. Qd2+ f4 24. Nd4 Re4 25. c3 Rd8 26. Nf5+ gxf5 27.
Qxd8 Qe2+ 28. Kc1 Qxg2 29. Qf6+ Kh5 30. Qxf5+ Kh6 31. Rd1 Re2 32. Rd6+ Kg7 33.
Qd7+ Kh8 34. Qc8+ Kg7 35. Qc7+ Kf8 36. Rd8+ Re8 37. Qd6+ Kf7 38. Rd7+ Kg8 39.
Qd5+ Qxd5 40. Rxd5 Re2 41. Kd1 f3 42. Rd2 f2 43. Kxe2 1-0

[Event "Znojemska rotunda 2003"]
[Site "?"]
[Date "????.??.??"]
[Round "2"]
[White "Ruzicka, Frantisek"]
[Black "Rajnoha, Lubos"]
[Result "0-1"]
[WhiteElo "1679"]
[BlackElo "1383"]
[PlyCount "58"]

1. e4 e5 2. Nf3 Nc6 3. Bb5 a6 4. Ba4 Nf6 5. O-O Nxe4 6. Re1 Nc5 7. Bxc6 dxc6 8.
Nxe5 Be6 9. d4 Nd7 10. c3 Bd6 11. f4 O-O 12. Nd2 c5 13. Ndf3 cxd4 14. Nxd4 Qf6
15. Ndf3 Rad8 16. Qc2 Rfe8 17. Bd2 Bf5 18. Nxd7 Bxd7 19. g3 Bc5+ 20. Kg2 Bg4
21. Ne5 Bf5 22. Qd1 Qd6 23. Nf3 Bg4 24. Rxe8+ Rxe8 25. h3 Bxf3+ 26. Kxf3 Qd3+
27. Kg4 f5+ 28. Kh4 Be7+ 29. Kh5 Qxg3 0-1

[Event "Znojemska rotunda 2003"]
[Site "?"]
[Date "????.??.??"]
[Round "2"]
[White "Petlak, Josef"]
[Black "Blazek, Milos"]
[Result "0-1"]
[WhiteElo "1923"]
[BlackElo "2090"]
[PlyCount "42"]

1. g3 e5 2. c3 d5 3. d4 Nc6 4. e3 Nf6 5. Be2 Bd6 6. b3 O-O 7. Ba3 Re8 8. h4 Ne4
9. Bxd6 Qxd6 10. Nf3 exd4 11. cxd4 Bg4 12. Ng5 Nxg3 13. Bxg4 Nxh1 14. Qf3 f6
15. Be6+ Rxe6 16. Nxe6 Qxe6 17. Qxh1 Nxd4 18. Kd2 Nb5 19. a4 Nd6 20. Nc3 Ne4+
21. Nxe4 dxe4 0-1

[Event "Znojemska rotunda 2003"]
[Site "?"]
[Date "????.??.??"]
[Round "2"]
[White "Stanek, Petr"]
[Black "Dolezal, Rudolf"]
[Result "1/2-1/2"]
[WhiteElo "1780"]
[BlackElo "1768"]
[PlyCount "40"]

1. Nf3 d5 2. g3 e6 3. Bg2 f5 4. d3 Nf6 5. Nbd2 Be7 6. a3 O-O 7. b4 c6 8. Bb2
Nbd7 9. c4 Re8 10. O-O Bd6 11. e3 Ng4 12. Rc1 Nge5 13. Qc2 Nxf3+ 14. Nxf3 Nf6
15. Rfd1 Qe7 16. Qb1 Rd8 17. Qa1 Bd7 18. c5 Bc7 19. Rb1 Re8 20. h3 e5 1/2-1/2

[Event "Znojemska rotunda 2003"]
[Site "?"]
[Date "????.??.??"]
[Round "2"]
[White "Mlensky, Dalibor"]
[Black "Docekal, Jan"]
[Result "1/2-1/2"]
[WhiteElo "2085"]
[BlackElo "2016"]
[PlyCount "42"]

1. e4 d6 2. d4 Nf6 3. Nc3 g6 4. Be3 Bg7 5. Qd2 c6 6. h3 b5 7. a3 O-O 8. g4 Bb7
9. Bg2 Nbd7 10. Nge2 Nb6 11. b3 a5 12. Ng3 Qc7 13. O-O Ba6 14. Nce2 a4 15. Bh6
Rac8 16. Bxg7 Kxg7 17. b4 Nc4 18. Qg5 e6 19. Nf4 h6 20. Nfh5+ Nxh5 21. Nxh5+
Kh7 1/2-1/2

[Event "Znojemska rotunda 2003"]
[Site "?"]
[Date "????.??.??"]
[Round "2"]
[White "Spilka, Jaroslav"]
[Black "Trmac, Radek"]
[Result "0-1"]
[WhiteElo "1388"]
[BlackElo "1663"]
[PlyCount "52"]

1. e4 c5 2. Bc4 Nc6 3. c3 e5 4. Nf3 d6 5. d3 Be6 6. Qb3 Qd7 7. Nbd2 Be7 8. a4
h6 9. Bxe6 fxe6 10. Nc4 Bf6 11. Be3 Nge7 12. Qb5 O-O 13. O-O-O b6 14. h4 d5 15.
exd5 exd5 16. Ncxe5 Nxe5 17. Qb3 Ng4 18. Qc2 Nxe3 19. fxe3 Nf5 20. Rde1 d4 21.
exd4 cxd4 22. Re4 Ng3 23. Rhe1 Nxe4 24. Rxe4 Rfe8 25. Kd2 Rxe4 26. dxe4 dxc3+
0-1

[Event "Znojemska rotunda 2003"]
[Site "?"]
[Date "????.??.??"]
[Round "3"]
[White "Holemar, Davod"]
[Black "Mlensky, Dalibor"]
[Result "1-0"]
[WhiteElo "2311"]
[BlackElo "2085"]
[PlyCount "51"]

1. d4 f5 2. h3 c5 3. c3 cxd4 4. cxd4 Nf6 5. Nc3 e6 6. g4 fxg4 7. hxg4 Nxg4 8.
e4 Nf6 9. e5 Nd5 10. Bd3 Qa5 11. Bg5 Be7 12. Bxh7 Kd8 13. Qd2 Nc6 14. Nge2 Kc7
15. Bxe7 Ndxe7 16. O-O-O b6 17. Be4 Ba6 18. Rhg1 Rag8 19. d5 exd5 20. Bxd5 Nxd5
21. Nxd5+ Kb8 22. Nec3 Qc5 23. f4 Bc8 24. Kb1 g5 25. Ne4 Qc4 26. Nxg5 1-0

[Event "Znojemska rotunda 2003"]
[Site "?"]
[Date "????.??.??"]
[Round "3"]
[White "Dobes, Oldrich"]
[Black "Kireev, Aleksei"]
[Result "0-1"]
[WhiteElo "2043"]
[BlackElo "2276"]
[PlyCount "90"]

1. e4 g6 2. d4 d6 3. f4 c6 4. Nf3 d5 5. e5 h5 6. Bd3 Nh6 7. O-O Bg4 8. Nc3 e6
9. Ne2 Nd7 10. Kh1 Be7 11. c3 a6 12. a4 Nf5 13. b4 a5 14. b5 c5 15. h3 Bxf3 16.
Rxf3 cxd4 17. cxd4 Nb6 18. Ba3 Rc8 19. Bxe7 Kxe7 20. Qb3 Nc4 21. Bxc4 Rxc4 22.
Qa3+ Kd7 23. Rc3 Qc7 24. Rac1 Rc8 25. Rxc4 dxc4 26. Nc3 Ke8 27. d5 exd5 28.
Nxd5 Qc5 29. Nf6+ Ke7 30. Qf3 Rb8 31. Rd1 c3 32. Nd5+ Kf8 33. Nxc3 Qc4 34. Nd5
Kg7 35. Nb6 Qc7 36. Nd7 Rd8 37. Nf6 h4 38. Rxd8 Qxd8 39. Ne4 Qd4 40. e6 Qxe4
41. Qc3+ Kh7 42. exf7 Ng3+ 43. Kh2 Qxf4 44. f8=N+ Qxf8 45. Qxa5 Qf1 0-1

[Event "Znojemska rotunda 2003"]
[Site "?"]
[Date "????.??.??"]
[Round "3"]
[White "Jurica, Peter"]
[Black "Svoboda, Jiri"]
[Result "1-0"]
[WhiteElo "2163"]
[BlackElo "1825"]
[PlyCount "101"]

1. Nf3 Nf6 2. d4 d5 3. c4 c6 4. Nc3 Bf5 5. cxd5 cxd5 6. Qb3 Qb6 7. Nxd5 Nxd5 8.
Qxd5 e6 9. Qb3 Qxb3 10. axb3 Bc2 11. Bd2 Nc6 12. g3 Be4 13. Bg2 Nxd4 14. O-O
Nxb3 15. Ra4 Bc6 16. Ra2 Nxd2 17. Nxd2 Bxg2 18. Kxg2 Bb4 19. Nc4 O-O 20. Rd1 b5
21. Ne5 f6 22. Nc6 Bc5 23. b4 Rfc8 24. Ra6 Rxc6 25. Rxc6 Bxb4 26. Rb1 a5 27.
Rb6 Be7 28. R6xb5 a4 29. Rb8+ Rxb8 30. Rxb8+ Kf7 31. Ra8 a3 32. e4 Kg6 33. f4
e5 34. f5+ Kg5 35. Ra7 Bf8 36. Rf7 Bc5 37. Rxg7+ Kh6 38. Rg8 Ba7 39. Ra8 Bc5
40. Ra6 Kg7 41. Kf3 Kf7 42. Ke2 Ke7 43. Kd3 Kd7 44. Kc4 Be7 45. Kd5 Kc7 46. Ke6
Kb7 47. Ra4 Bc5 48. Kxf6 Kb6 49. Kxe5 Kb5 50. Ra8 Bb4 51. Rxa3 1-0

[Event "Znojemska rotunda 2003"]
[Site "?"]
[Date "????.??.??"]
[Round "3"]
[White "Dvorak, Libor"]
[Black "Dvorak, Miloslav"]
[Result "1-0"]
[WhiteElo "2074"]
[BlackElo "1541"]
[PlyCount "135"]

1. Nf3 d6 2. c4 g6 3. g3 Bg7 4. Bg2 e5 5. Nc3 c6 6. O-O Nd7 7. Rb1 Ngf6 8. d3
a5 9. a3 O-O 10. b4 axb4 11. axb4 Re8 12. b5 c5 13. Bb2 Nb6 14. Ra1 e4 15. Nxe4
Nxe4 16. Bxg7 Kxg7 17. Rxa8 Nxa8 18. Qa1+ Nf6 19. Qxa8 Rxe2 20. Ng5 Qe8 21.
Bxb7 Bxb7 22. Qxb7 h6 23. Nf3 Re7 24. Qa6 Qd7 25. Qa1 Qb7 26. Re1 Rxe1+ 27.
Nxe1 g5 28. Qa6 Qd7 29. Qc6 Qe6 30. Kf1 Qh3+ 31. Qg2 Qd7 32. Qf3 d5 33. Nc2
dxc4 34. dxc4 g4 35. Qc3 Qb7 36. Ne3 Qh1+ 37. Ke2 Qf3+ 38. Ke1 Kg6 39. Nd5 Ne4
40. Qxf3 gxf3 41. b6 Nd6 42. Kd1 Kf5 43. Ne3+ Ke6 44. Kd2 Kd7 45. Kd3 Kc6 46.
Nd5 f5 47. h4 Kb7 48. Nf6 Kxb6 49. Nd7+ Kc6 50. Ne5+ Kb6 51. Nxf3 Ka5 52. Ne5
Kb4 53. f3 h5 54. g4 fxg4 55. fxg4 hxg4 56. Nxg4 Nxc4 57. h5 Nd6 58. h6 c4+ 59.
Ke2 c3 60. Ne5 c2 61. Kd2 Ne4+ 62. Kxc2 Nf6 63. Kd3 Kb5 64. Kd4 Ka6 65. Nd7 Nh7
66. Ke5 Kb7 67. Kf5 Kc7 68. Kg6 1-0

[Event "Znojemska rotunda 2003"]
[Site "?"]
[Date "????.??.??"]
[Round "3"]
[White "Vlk, Miroslav"]
[Black "Ruzickova, Radka"]
[Result "1-0"]
[WhiteElo "2063"]
[BlackElo "1839"]
[PlyCount "63"]

1. d4 Nf6 2. c4 g6 3. Nc3 Bg7 4. e4 d6 5. Bd3 Nc6 6. Nge2 O-O 7. O-O b6 8. f4
e6 9. h3 Bb7 10. Be3 Re8 11. Qd2 Qe7 12. Rad1 Rad8 13. Bc2 e5 14. fxe5 dxe5 15.
d5 Na5 16. b3 Bc8 17. Bg5 Nb7 18. Rf3 h6 19. Bxh6 Bxh6 20. Qxh6 Nh5 21. Rdf1
Rf8 22. Nd1 Rd6 23. Ne3 Ng7 24. Rg3 Nc5 25. h4 Nd7 26. h5 Qh4 27. Qxg7+ Kxg7
28. Nf5+ Kh7 29. Nxh4 gxh5 30. Nf5 Rg6 31. Ne7 Rxg3 32. Nxg3 {
Konecne aspon trochu slusnej zapis, Vlku. Jen asi 3 (slovy tri) chyby. Roesner.
} 1-0

[Event "Znojemska rotunda 2003"]
[Site "?"]
[Date "????.??.??"]
[Round "3"]
[White "Blazek, Milos"]
[Black "Komprda, Pavel"]
[Result "1/2-1/2"]
[WhiteElo "2090"]
[BlackElo "2055"]
[PlyCount "95"]

1. e4 c5 2. Nf3 d6 3. d4 cxd4 4. Nxd4 Nf6 5. Nc3 a6 6. Bg5 e6 7. f4 Be7 8. Qf3
O-O 9. O-O-O Qc7 10. Be2 b5 11. e5 Bb7 12. Qg3 dxe5 13. fxe5 Ne4 14. Nxe4 Bxe4
15. Bxe7 Qxe7 16. Bd3 Bxd3 17. Rxd3 Ra7 18. Nf3 Rc7 19. Rhd1 Nc6 20. Kb1 Nb4
21. R3d2 Nd5 22. Ng5 Rc4 23. h4 h6 24. Nh3 b4 25. Rd4 Qc5 26. Qd3 Rc8 27. Rxc4
Qxc4 28. Nf2 Qxh4 29. Ne4 Qh2 30. g3 Qh5 31. Nd6 Rc6 32. Rf1 Rc7 33. Re1 Qh2
34. Ne4 a5 35. Qe2 Qh3 36. Qf3 Qf5 37. Qxf5 exf5 38. Nd6 g6 39. e6 fxe6 40.
Rxe6 Re7 41. Rxg6+ Kh7 42. Rxh6+ Kxh6 43. Nxf5+ Kg5 44. Nxe7 Nxe7 45. c3 Nc6
46. Kc2 a4 47. Kd3 a3 48. bxa3 1/2-1/2

[Event "Znojemska rotunda 2003"]
[Site "?"]
[Date "????.??.??"]
[Round "3"]
[White "Prokopec, Zdenik"]
[Black "Divis, Jan"]
[Result "0-1"]
[WhiteElo "1680"]
[BlackElo "1681"]
[PlyCount "62"]

1. e4 g6 2. d4 Bg7 3. f4 d6 4. Nf3 Nf6 5. Bd3 c5 6. c3 cxd4 7. cxd4 O-O 8. O-O
Nc6 9. d5 Nb4 10. Kh1 Nxd3 11. Qxd3 Qb6 12. Nbd2 Bd7 13. Qb3 Bb5 14. Re1 Ng4
15. h3 Nf2+ 16. Kh2 Nd3 17. Rd1 Nc5 18. Qe3 Qa6 19. Nb3 Nxb3 20. Qxb3 Ba4 21.
Qd3 Bxd1 22. Qxd1 Rac8 23. e5 Qc4 24. Be3 b6 25. b3 Qc2 26. Qxc2 Rxc2 27. Rc1
Rxc1 28. Bxc1 dxe5 29. fxe5 Rd8 30. Ba3 Rxd5 31. e6 Kf8 0-1

[Event "Znojemska rotunda 2003"]
[Site "?"]
[Date "????.??.??"]
[Round "3"]
[White "Svihel, Karel"]
[Black "Dolezal, Rudolf"]
[Result "1/2-1/2"]
[WhiteElo "2136"]
[BlackElo "1768"]
[PlyCount "77"]

1. c4 e6 2. d4 f5 3. g3 Nf6 4. Bg2 d5 5. Nf3 c6 6. O-O Bd6 7. b3 O-O 8. Ba3 Ne4
9. Bxd6 Qxd6 10. Qc2 Nd7 11. Nbd2 Ndf6 12. Ne5 Nxd2 13. Qxd2 Nd7 14. cxd5 cxd5
15. Nd3 a5 16. Rac1 b6 17. Nf4 Nf6 18. Qc2 Bd7 19. Qc7 Qxc7 20. Rxc7 Rac8 21.
Rb7 Rb8 22. Rc7 Rfd8 23. Rfc1 Rbc8 24. e3 Rxc7 25. Rxc7 Rc8 26. Rxc8+ Bxc8 27.
f3 27... Kf7 {(=)} 28. Bf1 Ke7 29. Kf2 Ne8 30. Ke1 Nc7 31. Kd2 Ba6 32. Bxa6
Nxa6 33. Kc3 Nb4 34. a3 Nc6 35. Nd3 b5 36. Nc5 b4+ 37. axb4 axb4+ 38. Kd3 Kd6
39. f4 1/2-1/2

[Event "Znojemska rotunda 2003"]
[Site "?"]
[Date "????.??.??"]
[Round "3"]
[White "Majer, Jiri"]
[Black "Spilka, Jaroslav"]
[Result "0-1"]
[WhiteElo "1572"]
[BlackElo "1388"]
[PlyCount "114"]

1. c4 b6 2. Nc3 Bb7 3. d4 e6 4. e4 c6 5. Nf3 h6 6. Be2 d6 7. O-O Nd7 8. Be3 g6
9. d5 cxd5 10. exd5 e5 11. b4 Rc8 12. a4 Ngf6 13. a5 Ra8 14. Qc2 Rc8 15. Qb2
Bg7 16. Nd2 O-O 17. Nde4 Ne8 18. Qd2 f5 19. Bxh6 fxe4 20. Nxe4 Ndf6 21. Bd3
Nxe4 22. Bxe4 Kh7 23. Bxg7 Nxg7 24. Qe2 Qg5 25. g3 Nf5 26. Ra3 Nd4 27. Qd1 Rxc4
28. h4 Qf6 29. Qg4 Bc8 30. Qd1 Rxb4 31. h5 Bf5 32. hxg6+ Qxg6 33. Bxf5 Nxf5 34.
Kg2 Rd4 35. Rh1+ Kg7 36. Qh5 Qxh5 37. Rxh5 Kg6 38. Rh3 b5 39. Ra1 a6 40. Rah1
Rxd5 41. g4 Nd4 42. Rh7 b4 43. Rb7 b3 44. Rb6 Kg5 45. Rxa6 Kxg4 46. Rc1 Rb8 47.
Rb6 Rxb6 48. axb6 Rb5 49. Rc3 Rxb6 50. Rg3+ Kf4 51. Rh3 b2 52. Rh4+ Kg5 53. Kg3
b1=Q 54. f4+ exf4+ 55. Rxf4 Qg1+ 56. Kh3 Kxf4 57. Kh4 Qg4# 0-1

[Event "Znojemska rotunda 2003"]
[Site "?"]
[Date "????.??.??"]
[Round "3"]
[White "Kosik, Jaroslav"]
[Black "Ruzicka, Frantisek"]
[Result "1/2-1/2"]
[WhiteElo "1422"]
[BlackElo "1679"]
[PlyCount "93"]

1. e4 g6 2. Nf3 Bg7 3. d3 d6 4. c3 Nf6 5. Be2 O-O 6. O-O e6 7. h3 Nc6 8. Be3 b6
9. Nbd2 Bb7 10. Qc2 h6 11. Nb3 Nd7 12. Qd2 Nce5 13. Nxe5 Nxe5 14. Bxh6 d5 15.
Bxg7 Kxg7 16. f4 Nd7 17. e5 Rh8 18. d4 a6 19. Rf3 c5 20. Raf1 a5 21. Rg3 Ba6
22. Bxa6 Rxa6 23. f5 a4 24. f6+ Kg8 25. Qe2 Ra7 26. Nd2 Kf8 27. a3 c4 28. Nf3
Ke8 29. Ng5 Nf8 30. Rf4 Qd7 31. Rgg4 Qb5 32. Rh4 Rg8 33. Rh6 Kd8 34. Rfh4 Qe8
35. Rh8 Nd7 36. Rxg8 Qxg8 37. Qg4 Nb8 38. Rh7 Qe8 39. Qh4 Qb5 40. Nxf7+ Rxf7
41. Rxf7 Nd7 42. Qh8+ (42. Rxd7+ $1 42... Kxd7 (42... Qxd7 43. f7+ Kc7 44. f8=Q
$18) 43. Qh7+ Kd8 (43... Kc6 44. f7 Qxb2 45. f8=Q Qc1+ 46. Kh2 $18) 44. Qe7+
Kc8 45. f7 $18) 42... Kc7 43. Rg7 (43. Rxd7+ $1 43... Qxd7 44. Qg7 $18) 43...
Qxb2 44. Kh2 Qc1 45. Rxg6 Qf4+ 46. Rg3 b5 47. Qg8 1/2-1/2

[Event "Znojemska rotunda 2003"]
[Site "?"]
[Date "????.??.??"]
[Round "3"]
[White "Trmac, Radek"]
[Black "Skaroupka, Jiri"]
[Result "0-1"]
[WhiteElo "1663"]
[BlackElo "2105"]
[PlyCount "38"]

1. e4 d6 2. d4 Nf6 3. Nc3 c6 4. Bd3 e5 5. dxe5 dxe5 6. Bg5 Be6 7. a3 Nbd7 8.
Qe2 Bc5 9. h3 Qb6 10. Nd1 O-O 11. b4 Be7 12. c4 a5 13. Be3 Qc7 14. b5 Nc5 15.
Bxc5 Bxc5 16. Nf3 Rfd8 17. O-O Qd6 18. Bb1 Nh5 19. a4 Ng3 0-1

[Event "Znojemska rotunda 2003"]
[Site "?"]
[Date "????.??.??"]
[Round "3"]
[White "Doxansky, Josef"]
[Black "Rulfova, Zuzana"]
[Result "1-0"]
[WhiteElo "1826"]
[BlackElo "1377"]
[PlyCount "87"]

1. e4 e5 2. Nf3 Nc6 3. Bb5 Nge7 4. O-O g6 5. c3 Bg7 6. Re1 O-O 7. d4 b6 8. Bg5
Bb7 9. Bxc6 Bxc6 10. dxe5 Qe8 11. Qd2 Rd8 12. Bf6 d6 13. Qg5 h6 14. Qh4 Rd7 15.
Bxg7 Kxg7 16. Na3 Ng8 17. Qg3 Re7 18. exd6 cxd6 19. Qxd6 Bxe4 20. Nd4 Bb7 21.
Rxe7 Qxe7 22. Qxe7 Nxe7 23. Re1 Nc6 24. Nac2 Rd8 25. f3 a5 26. Nxc6 Bxc6 27.
Nd4 Bb7 28. Re7 Bd5 29. b3 Kf8 30. Re3 h5 31. Kf2 Bb7 32. h4 Kg7 33. Rd3 Kg8
34. g4 hxg4 35. fxg4 Re8 36. Re3 Kf8 37. Rxe8+ Kxe8 38. Ke3 Ke7 39. Kf4 Bc8 40.
g5 Bd7 41. Ke5 b5 42. a3 a4 43. b4 Be8 44. Kd5 1-0

[Event "Znojemska rotunda 2003"]
[Site "?"]
[Date "????.??.??"]
[Round "3"]
[White "Docekal, Jan"]
[Black "Most, Zdenek"]
[Result "0-1"]
[WhiteElo "2016"]
[BlackElo "2089"]
[PlyCount "132"]

1. e4 d6 2. Nc3 Nf6 3. d4 g6 4. f3 Bg7 5. Be3 a6 6. a4 Nc6 7. Qd2 O-O 8. Bc4 e5
9. d5 Na5 10. Ba2 c5 11. dxc6 bxc6 12. b4 Nb7 13. Rd1 Qe7 14. Nge2 Be6 15. Bxe6
fxe6 16. b5 16... c5 {(=)} 17. O-O Rfd8 18. Bg5 Rf8 19. Ra1 Qc7 20. bxa6 Rxa6
21. Nb5 Qc6 22. c4 Na5 23. Qd3 Rfa8 24. Rfd1 Ne8 25. Bd2 Bf8 26. Bxa5 Rxa5 27.
Nec3 R5a6 28. Rab1 Be7 29. Rb3 29... Bd8 {(=)} 30. Rdb1 Ba5 31. Qe3 Bb4 32. Qg5
Qd7 33. h4 Qd8 34. Qg4 Qf6 35. R3b2 Kf7 36. Kf2 Qf4 37. Qh3 h5 38. g4 Nf6 39.
g5 Ng4+ 40. Kg2 Ne3+ 41. Kh1 Nxc4 42. Ne2 Qe3 43. Nc7 Kg7 44. Rb3 Qf2 45. Ng1
R6a7 46. Nxa8 Rxa8 47. Rxb4 cxb4 48. Rxb4 Ne3 49. Qh2 Qe1 50. Rb7+ Kf8 51. Rd7
Rxa4 52. Rxd6 Ke7 53. Rd2 Nf1 54. Qf2 Qxd2 55. Qc5+ Qd6 56. Qb5 Ra1 57. Qb7+
Qd7 58. Qb2 Qd4 59. Qb7+ Kd6 60. Qb8+ Kc5 61. Qc7+ Kb4 62. Qe7+ Ka4 63. Qe8+
Ka3 64. Qa8+ Kb2 65. Qb7+ Kc2 66. Qc6+ Kd2 0-1

[Event "Znojemska rotunda 2003"]
[Site "?"]
[Date "????.??.??"]
[Round "3"]
[White "Adam, Petr sr"]
[Black "Skovron, Josef"]
[Result "1-0"]
[WhiteElo "2086"]
[BlackElo "1761"]
[PlyCount "55"]

1. Nf3 Nf6 2. d4 g6 3. c4 Bg7 4. Nc3 d5 5. e3 O-O 6. cxd5 Nxd5 7. Bc4 Nb6 8.
Bb3 N8d7 9. O-O c5 10. d5 c4 11. Bc2 f5 12. Qe2 Bxc3 13. bxc3 Nf6 14. a4 Nfxd5
15. a5 Nxc3 16. Qe1 Nbd5 17. Bb2 Nb5 18. Be5 Nd6 19. Rd1 Nf6 20. Qb4 Nfe8 21.
Rd4 Qc7 22. Rxc4 Qd8 23. Rd4 h6 24. Rfd1 b6 25. Bb3+ Kh7 26. Rh4 h5 27. Ng5+
Kh6 28. Qf4 1-0

[Event "Znojemska rotunda 2003"]
[Site "?"]
[Date "????.??.??"]
[Round "3"]
[White "Voborny, David"]
[Black "Kulovany, Radek"]
[Result "1-0"]
[WhiteElo "1729"]
[BlackElo "1450"]
[PlyCount "47"]

1. d4 e6 2. c4 d5 3. Nf3 Nf6 4. Bg5 Be7 5. e3 b6 6. Bd3 6... Bb7 {A pak si vybe
r. Jeden napsal 6...Sg6, druhej prozmenu 6...Sg7. Doufam, ze muj navrh na 6...
Sb7 bude spravny. Roesner} 7. O-O Nbd7 8. Nc3 h6 9. Bf4 c5 10. Rc1 Rc8 11. Nb5
a6 12. Nd6+ Bxd6 13. Bxd6 Nf8 14. dxc5 bxc5 15. Be5 Ng6 16. Bxg6 fxg6 17. Qc2
Ne4 18. Bxg7 Rh7 19. Bc3 Qe7 20. Ne5 g5 21. f3 Nd6 22. Qg6+ Kf8 23. Rfd1 Nf7
24. Qxh7 1-0

[Event "Znojemska rotunda 2003"]
[Site "?"]
[Date "????.??.??"]
[Round "3"]
[White "Havel, Vojtech"]
[Black "Antos, Jakub"]
[Result "0-1"]
[WhiteElo "1364"]
[BlackElo "1751"]
[PlyCount "42"]

1. d4 Nf6 2. c4 e6 3. Nf3 d5 4. e3 Be7 5. Bd3 O-O 6. O-O c5 7. Nc3 b6 8. Re1
Bb7 9. b3 Nbd7 10. Qc2 Rc8 11. Bb2 a6 12. a3 Qc7 13. Rac1 cxd4 14. exd4 dxc4
15. bxc4 Bxf3 16. gxf3 Qf4 17. Qe2 Bd6 18. Qd1 Qxh2+ 19. Kf1 Nh5 20. Qd2 Nf4
21. Ne2 Qg2# 0-1

[Event "Znojemska rotunda 2003"]
[Site "?"]
[Date "????.??.??"]
[Round "3"]
[White "Kulovany, Radomir"]
[Black "Stanek, Karel"]
[Result "1/2-1/2"]
[WhiteElo "1483"]
[BlackElo "1629"]
[PlyCount "31"]

1. e4 e5 2. Nf3 Nc6 3. Bb5 Nf6 4. d3 d6 5. h3 Be7 6. Nc3 O-O 7. Bg5 Be6 8. Qd2
a6 9. Bxc6 bxc6 10. O-O Nd7 11. Bxe7 Qxe7 12. a3 d5 13. Ng5 d4 14. Ne2 h6 15.
Nxe6 Qxe6 16. c4 1/2-1/2

[Event "Znojemska rotunda 2003"]
[Site "?"]
[Date "????.??.??"]
[Round "3"]
[White "Rajnoha, Lubos"]
[Black "Stanek, Petr"]
[Result "0-1"]
[WhiteElo "1383"]
[BlackElo "1780"]
[PlyCount "24"]

1. c4 b6 2. Nc3 Bb7 3. e3 Nf6 4. d4 g6 5. Bd3 Bxg2 6. f3 Bxh1 7. Kf2 Nc6 8. Nh3
Bxf3 9. Qxf3 Bg7 10. b3 b5 11. e4 Nxd4 12. Qe3 Ng4+ 0-1

[Event "Znojemska rotunda 2003"]
[Site "?"]
[Date "????.??.??"]
[Round "3"]
[White "Kulovana, Eva"]
[Black "Galvanek, Ladislav"]
[Result "1/2-1/2"]
[WhiteElo "2039"]
[BlackElo "2067"]
[PlyCount "36"]

1. e4 e5 2. Nf3 Nf6 3. Nxe5 d6 4. Nf3 Nxe4 5. d4 d5 6. Bd3 Nc6 7. O-O Be7 8. c4
Nf6 9. h3 Nb4 10. Be2 dxc4 11. Bxc4 Nbd5 12. Nc3 c6 13. Qb3 O-O 14. Nxd5 Nxd5
15. Bxd5 Qxd5 16. Qxd5 cxd5 17. Bf4 Be6 18. Rac1 Rac8 1/2-1/2

[Event "Znojemska rotunda 2003"]
[Site "?"]
[Date "????.??.??"]
[Round "4"]
[White "Kireev, Aleksei"]
[Black "Kulovana, Eva"]
[Result "1-0"]
[WhiteElo "2276"]
[BlackElo "2039"]
[PlyCount "131"]

1. d4 {(time 0:46!)} 1... Nf6 2. Bg5 Ne4 3. Bh4 c5 4. f3 Qa5+ 5. c3 Nd6 6. e3
cxd4 7. exd4 Nf5 8. Bf2 d5 9. Bd3 Nc6 10. Nd2 g6 11. g4 Nd6 12. Bg3 Qd8 13. h4
h5 14. Nh3 Bg7 15. Qe2 hxg4 16. fxg4 Qd7 17. Nf2 Qe6 18. Qxe6 Bxe6 19. Bxd6
exd6 20. Nf3 Bf6 21. Kf1 Kd7 22. Kg2 a6 23. a4 Na5 24. Rae1 Rac8 25. Kg3 Nc4
26. Re2 Be7 27. Nh3 Rhg8 28. Rhe1 Bf6 29. g5 Bh8 30. Nf4 Rce8 31. b3 Na5 32. b4
Nc4 33. a5 Na3 34. Ra1 Nc4 35. Rae1 Na3 36. Ra2 Nc4 37. Bc2 Re7 38. Ba4+ Kd8
39. Rae2 b5 40. axb6 Nxb6 41. Bc2 Rge8 42. Bxg6 Bd7 43. Rxe7 Rxe7 44. Rxe7 Kxe7
45. Bd3 Bb5 46. Bxb5 axb5 47. Kg4 Bg7 48. h5 Bh8 49. Nh4 Ke8 50. Nf5 Kd7 51. h6
Nc4 52. Nxd5 Nd2 53. Kf4 Nb1 54. h7 Na3 55. Nfe7 Ke6 56. g6 Nb1 57. Kg5 Nxc3
58. Nxc3 Kxe7 59. Nxb5 fxg6 60. d5 Bf6+ 61. Kxg6 Be5 62. Na3 Bb2 63. b5 Bd4 64.
Nc4 Ba1 65. b6 Kd7 66. Kf7 {(time 1:43!-1:55)} 1-0

[Event "Znojemska rotunda 2003"]
[Site "?"]
[Date "????.??.??"]
[Round "4"]
[White "Dolezal, Rudolf"]
[Black "Voborny, David"]
[Result "1-0"]
[WhiteElo "1768"]
[BlackElo "1729"]
[PlyCount "127"]

1. e4 d5 2. exd5 Qxd5 3. d4 Nf6 4. Nf3 e6 5. Bd3 Qd8 6. O-O c5 7. Bg5 cxd4 8.
Nxd4 Be7 9. Bb5+ Bd7 10. Nc3 O-O 11. Re1 a6 12. Bxd7 Nbxd7 13. Qe2 Re8 14. Rad1
Qa5 15. Bxf6 Nxf6 16. Nb3 Qc7 17. Qe5 Rac8 18. Qxc7 {(=)} 18... Rxc7 19. Re2
Rec8 20. Na1 Kf8 21. Ne4 Nd5 22. c3 Rd8 23. Red2 Rcd7 24. Nb3 Ke8 25. Nbc5 Rc7
26. Nb3 b5 27. Na5 Rdc8 28. Rd3 f5 29. Ng3 Nf4 30. Rd4 Rd8 31. Kf1 Rcd7 32. Nc6
Rxd4 33. Rxd4 Rxd4 34. Nxd4 Kd7 35. Nge2 Nd3 36. b3 Bf6 37. h3 g6 38. Nc2 Kd6
39. Ne1 Nc5 40. Nc2 Ne4 41. a4 bxa4 42. bxa4 Nxc3 43. Nxc3 Bxc3 44. Ke2 Kc5 45.
Kd3 Bg7 46. f3 Bh8 47. Ne1 Kb4 48. Nc2+ Kxa4 49. Kc4 e5 50. Nb4 a5 51. Na6 Bf6
52. Nc5+ Ka3 53. Nd7 Bg7 54. Nc5 Bf8 55. Nd3 e4 56. fxe4 fxe4 57. Nf4 a4 58.
Kc3 Bg7+ 59. Kc2 e3 60. Nd3 Bd4 61. Nc1 e2 62. Nxe2 Be5 63. Nc1 Kb4 64. Nd3+ {
Aniz bych se poustel do dlouhych rozboru, myslim si, ze i pres ze strany
cerneho absurdni zaver partie, se Dejv zrejme vzdal predcasne. Po 64...Kc4 65.
Jxe5 Kd4 neni videt, jak by mohla bila kobyla zabranit cernemu krali ve
vniknuti na kr. kridlo a naslednemu vyzobani zbylych pescu bileho, viz partie
Portisch-Pachman, Moskva 1961 (L. Pachman: Moje nejlepsi partie, Pliska 1994).
Roesner} 1-0

[Event "Znojemska rotunda 2003"]
[Site "?"]
[Date "????.??.??"]
[Round "4"]
[White "Stanek, Petr"]
[Black "Dvorak, Libor"]
[Result "0-1"]
[WhiteElo "1780"]
[BlackElo "2074"]
[PlyCount "112"]

1. e4 c5 2. Nc3 Nc6 3. g3 g6 4. Bg2 Bg7 5. Nge2 d6 6. f4 e6 7. O-O Nge7 8. d3
O-O 9. g4 f5 10. Ng3 Rb8 11. a4 Nd4 12. gxf5 exf5 13. Kh1 b6 14. Nce2 Nxe2 15.
Qxe2 Bb7 16. c3 fxe4 17. dxe4 d5 18. f5 d4 19. Qc4+ Kh8 20. Bg5 Qd6 21. fxg6
Nxg6 22. Nf5 Qd7 23. cxd4 cxd4 24. Rad1 Rbc8 25. Qb4 Rc2 26. Nxg7 Qxg7 27.
Rxf8+ Nxf8 28. Rf1 Nd7 29. Qe7 Qxe7 30. Bxe7 Re2 31. Rd1 Bxe4 32. Bxe4 Rxe4 33.
Bb4 Kg7 34. Bc3 dxc3 35. Rxd7+ Kg6 36. bxc3 Rxa4 37. Rc7 Ra2 38. h3 h5 39. Rc4
Kg5 40. h4+ Kf5 41. Rb4 Rc2 42. c4 Rd2 43. Kg1 Rd4 44. Rb5+ Kg4 45. c5 bxc5 46.
Rxc5 Ra4 47. Rc1 Kxh4 48. Kh1 Ra3 49. Rc4+ Kg3 50. Rc1 a5 51. Rd1 a4 52. Rc1
Rb3 53. Rg1+ Kh3 54. Ra1 a3 55. Rg1 a2 56. Rg3+ Kxg3 0-1